000 00674cam a22002413a 4500
001 10136
003 PGUSA
005 20140828083220.0
008 031101s2003||||xxu|||||s|||||000 | eng d
040 _aPGUSA
_beng
042 _adc
050 4 _aTX
100 1 _aBeeton,
_cMrs
_q(Isabella Mary),
_d1836-1865
245 1 4 _aThe Book of Household Management
_h[electronic resource] /
_cBeeton,
260 _bProject Gutenberg,
_c2003
506 _aPublic domain in the USA.
516 _aElectronic text
653 _aHome economics
653 _aCooking, English
830 0 _aProject Gutenberg
_v10136
856 4 0 _uhttp://www.gutenberg.org/ebooks/10136
942 _cEB
999 _c239391
_d239391